<?xml version="1.0" encoding="UTF-8"?>
<record
    xmlns:xsi="http://www.w3.org/2001/XMLSchema-instance"
    xsi:schemaLocation="http://www.loc.gov/MARC21/slim http://www.loc.gov/standards/marcxml/schema/MARC21slim.xsd"
    xmlns="http://www.loc.gov/MARC21/slim">

  <leader>02016nas a2200373 a 4500</leader>
  <controlfield tag="001">ahwal-almarifa-v23-n91</controlfield>
  <controlfield tag="003">SA-KAU</controlfield>
  <controlfield tag="005">20260209142829.0</controlfield>
  <controlfield tag="008">180601s2018    su ar p       0    0ara d</controlfield>
  <datafield tag="022" ind1=" " ind2=" ">
    <subfield code="a"> [ISSN &#x63A;&#x64A;&#x631; &#x645;&#x62A;&#x648;&#x641;&#x631;]</subfield>
  </datafield>
  <datafield tag="040" ind1=" " ind2=" ">
    <subfield code="a"> SA-KAU </subfield>
    <subfield code="b"> ara </subfield>
    <subfield code="e"> aacr2 </subfield>
    <subfield code="c"> SA-KAU</subfield>
  </datafield>
  <datafield tag="041" ind1=" " ind2=" ">
    <subfield code="a"> ara</subfield>
  </datafield>
  <datafield tag="043" ind1=" " ind2=" ">
    <subfield code="a"> a-su---</subfield>
  </datafield>
  <datafield tag="082" ind1=" " ind2=" ">
    <subfield code="a"> 306.09538 </subfield>
    <subfield code="2"> 22</subfield>
  </datafield>
  <datafield tag="245" ind1=" " ind2=" ">
    <subfield code="a"> &#x623;&#x62D;&#x648;&#x627;&#x644; &#x627;&#x644;&#x645;&#x639;&#x631;&#x641;&#x629; : </subfield>
    <subfield code="b"> &#x634;&#x627;&#x631;&#x639; &#x62B;&#x642;&#x627;&#x641;&#x629; &#x627;&#x644;&#x631;&#x64A;&#x627;&#x636; &#x627;&#x644;&#x645;&#x623;&#x645;&#x648;&#x644; / </subfield>
    <subfield code="c"> &#x62A;&#x635;&#x62F;&#x631; &#x639;&#x646; &#x645;&#x643;&#x62A;&#x628;&#x629; &#x627;&#x644;&#x645;&#x644;&#x643; &#x639;&#x628;&#x62F;&#x627;&#x644;&#x639;&#x632;&#x64A;&#x632; &#x627;&#x644;&#x639;&#x627;&#x645;&#x629;.</subfield>
  </datafield>
  <datafield tag="246" ind1=" " ind2=" ">
    <subfield code="a"> &#x634;&#x627;&#x631;&#x639; &#x62B;&#x642;&#x627;&#x641;&#x629; &#x627;&#x644;&#x631;&#x64A;&#x627;&#x636; &#x627;&#x644;&#x645;&#x623;&#x645;&#x648;&#x644;</subfield>
  </datafield>
  <datafield tag="260" ind1=" " ind2=" ">
    <subfield code="a"> &#x627;&#x644;&#x631;&#x64A;&#x627;&#x636; : </subfield>
    <subfield code="b"> &#x645;&#x643;&#x62A;&#x628;&#x629; &#x627;&#x644;&#x645;&#x644;&#x643; &#x639;&#x628;&#x62F;&#x627;&#x644;&#x639;&#x632;&#x64A;&#x632; &#x627;&#x644;&#x639;&#x627;&#x645;&#x629;&#x60C; </subfield>
    <subfield code="c"> 2018.</subfield>
  </datafield>
  <datafield tag="300" ind1=" " ind2=" ">
    <subfield code="a"> 95 &#x635;. : </subfield>
    <subfield code="b"> &#x645;&#x635;&#x648;&#x631;&#x627;&#x62A; &#x61B; </subfield>
    <subfield code="c"> 30 &#x633;&#x645;.</subfield>
  </datafield>
  <datafield tag="310" ind1=" " ind2=" ">
    <subfield code="a"> &#x641;&#x635;&#x644;&#x64A;&#x629;</subfield>
  </datafield>
  <datafield tag="362" ind1=" " ind2=" ">
    <subfield code="a"> &#x627;&#x644;&#x639;&#x62F;&#x62F; 91&#x60C; &#x627;&#x644;&#x633;&#x646;&#x629; &#x627;&#x644;&#x62B;&#x627;&#x644;&#x62B;&#x629; &#x648;&#x627;&#x644;&#x639;&#x634;&#x631;&#x648;&#x646; (&#x634;&#x648;&#x627;&#x644; 1439&#x647;&#x640; / &#x64A;&#x648;&#x646;&#x64A;&#x648; 2018&#x645;).</subfield>
  </datafield>
  <datafield tag="500" ind1=" " ind2=" ">
    <subfield code="a"> &#x62F;&#x648;&#x631;&#x64A;&#x629; &#x62B;&#x642;&#x627;&#x641;&#x64A;&#x629;.</subfield>
  </datafield>
  <datafield tag="500" ind1=" " ind2=" ">
    <subfield code="a"> &#x64A;&#x630;&#x643;&#x631; &#x639;&#x644;&#x649; &#x627;&#x644;&#x63A;&#x644;&#x627;&#x641;: &#x648;&#x632;&#x627;&#x631;&#x629; &#x627;&#x644;&#x62B;&#x642;&#x627;&#x641;&#x629;.. &#x62D;&#x642;&#x628;&#x629; &#x62C;&#x62F;&#x64A;&#x62F;&#x629; &#x644;&#x644;&#x62B;&#x642;&#x627;&#x641;&#x629; &#x627;&#x644;&#x633;&#x639;&#x648;&#x62F;&#x64A;&#x629;.</subfield>
  </datafield>
  <datafield tag="500" ind1=" " ind2=" ">
    <subfield code="a"> &#x627;&#x644;&#x639;&#x62F;&#x62F; &#x64A;&#x62A;&#x636;&#x645;&#x646; &#x645;&#x642;&#x627;&#x644;&#x627;&#x62A; &#x648;&#x62F;&#x631;&#x627;&#x633;&#x627;&#x62A; &#x62B;&#x642;&#x627;&#x641;&#x64A;&#x629; &#x648;&#x623;&#x62F;&#x628;&#x64A;&#x629;.</subfield>
  </datafield>
  <datafield tag="550" ind1=" " ind2=" ">
    <subfield code="a"> &#x62A;&#x635;&#x62F;&#x631; &#x639;&#x646; &#x645;&#x643;&#x62A;&#x628;&#x629; &#x627;&#x644;&#x645;&#x644;&#x643; &#x639;&#x628;&#x62F;&#x627;&#x644;&#x639;&#x632;&#x64A;&#x632; &#x627;&#x644;&#x639;&#x627;&#x645;&#x629;.</subfield>
  </datafield>
  <datafield tag="588" ind1=" " ind2=" ">
    <subfield code="a"> &#x627;&#x644;&#x648;&#x635;&#x641; &#x645;&#x623;&#x62E;&#x648;&#x630; &#x645;&#x646; &#x627;&#x644;&#x639;&#x62F;&#x62F; 91 (&#x64A;&#x648;&#x646;&#x64A;&#x648; 2018).</subfield>
  </datafield>
  <datafield tag="650" ind1=" " ind2=" ">
    <subfield code="a"> &#x627;&#x644;&#x62B;&#x642;&#x627;&#x641;&#x629; </subfield>
    <subfield code="z"> &#x627;&#x644;&#x633;&#x639;&#x648;&#x62F;&#x64A;&#x629; </subfield>
    <subfield code="v"> &#x62F;&#x648;&#x631;&#x64A;&#x627;&#x62A;.</subfield>
  </datafield>
  <datafield tag="650" ind1=" " ind2=" ">
    <subfield code="a"> &#x627;&#x644;&#x62D;&#x64A;&#x627;&#x629; &#x627;&#x644;&#x62B;&#x642;&#x627;&#x641;&#x64A;&#x629; </subfield>
    <subfield code="z"> &#x627;&#x644;&#x631;&#x64A;&#x627;&#x636; </subfield>
    <subfield code="v"> &#x62F;&#x648;&#x631;&#x64A;&#x627;&#x62A;.</subfield>
  </datafield>
  <datafield tag="650" ind1=" " ind2=" ">
    <subfield code="a"> &#x627;&#x644;&#x645;&#x624;&#x633;&#x633;&#x627;&#x62A; &#x627;&#x644;&#x62B;&#x642;&#x627;&#x641;&#x64A;&#x629; </subfield>
    <subfield code="z"> &#x627;&#x644;&#x633;&#x639;&#x648;&#x62F;&#x64A;&#x629; </subfield>
    <subfield code="v"> &#x62F;&#x648;&#x631;&#x64A;&#x627;&#x62A;.</subfield>
  </datafield>
  <datafield tag="700" ind1=" " ind2=" ">
    <subfield code="a"> &#x628;&#x646; &#x645;&#x639;&#x645;&#x631;&#x60C; &#x641;&#x64A;&#x635;&#x644; &#x628;&#x646; &#x639;&#x628;&#x62F;&#x627;&#x644;&#x639;&#x632;&#x64A;&#x632;&#x60C; </subfield>
    <subfield code="e"> &#x645;&#x634;&#x631;&#x641; &#x639;&#x627;&#x645;.</subfield>
  </datafield>
  <datafield tag="700" ind1=" " ind2=" ">
    <subfield code="a"> &#x627;&#x644;&#x632;&#x64A;&#x62F;&#x60C; &#x639;&#x628;&#x62F;&#x627;&#x644;&#x643;&#x631;&#x64A;&#x645; &#x628;&#x646; &#x639;&#x628;&#x62F;&#x627;&#x644;&#x631;&#x62D;&#x645;&#x646;&#x60C; </subfield>
    <subfield code="e"> &#x646;&#x627;&#x626;&#x628; &#x627;&#x644;&#x645;&#x634;&#x631;&#x641; &#x627;&#x644;&#x639;&#x627;&#x645;.</subfield>
  </datafield>
  <datafield tag="700" ind1=" " ind2=" ">
    <subfield code="a"> &#x623;&#x628;&#x648; &#x645;&#x644;&#x62D;&#x647;&#x60C; &#x633;&#x639;&#x64A;&#x62F; &#x628;&#x646; &#x646;&#x627;&#x635;&#x631;&#x60C; </subfield>
    <subfield code="e"> &#x631;&#x626;&#x64A;&#x633; &#x62A;&#x62D;&#x631;&#x64A;&#x631;.</subfield>
  </datafield>
  <datafield tag="700" ind1=" " ind2=" ">
    <subfield code="a"> &#x627;&#x644;&#x633;&#x639;&#x62F;&#x64A;&#x60C; &#x639;&#x628;&#x62F;&#x627;&#x644;&#x644;&#x647; &#x628;&#x646; &#x639;&#x628;&#x62F;&#x627;&#x644;&#x643;&#x631;&#x64A;&#x645;&#x60C; </subfield>
    <subfield code="e"> &#x645;&#x62F;&#x64A;&#x631; &#x62A;&#x62D;&#x631;&#x64A;&#x631;.</subfield>
  </datafield>
  <datafield tag="710" ind1=" " ind2=" ">
    <subfield code="a"> &#x645;&#x643;&#x62A;&#x628;&#x629; &#x627;&#x644;&#x645;&#x644;&#x643; &#x639;&#x628;&#x62F;&#x627;&#x644;&#x639;&#x632;&#x64A;&#x632; &#x627;&#x644;&#x639;&#x627;&#x645;&#x629;.</subfield>
  </datafield>
  <datafield tag="999" ind1=" " ind2=" ">
    <subfield code="c">31095</subfield>
    <subfield code="d">31066</subfield>
  </datafield>
</record>
